| 000 | 01212 a2200289 4500 | ||
|---|---|---|---|
| 020 | _a0387223835 | ||
| 020 | _a0387223835 | ||
| 020 | _a0387223835 | ||
| 035 | _a(OCoLC)ocm56192249 | ||
| 035 | _a(OCoLC)56192249 | ||
| 040 |
_aDLC _bDLC |
||
| 082 | 0 | 0 | _a629.8 |
| 100 | 1 | _aKomornik, V. | |
| 245 | 1 | 0 |
_aFourier series in control theory _cVilmos Komornik, Paola Loreti. |
| 260 |
_aNew York : _bSpringer, _cc2005. |
||
| 300 |
_aix, 226 p. ; _c25 cm. |
||
| 440 | 0 | _aSpringer monographs in mathematics | |
| 650 | 0 | _aControl theory. | |
| 650 | 0 | _aFourier series. | |
| 700 | 1 | _aLoreti, Paola. | |
| 710 | 2 | _aSpringerLink (Online service) | |
| 856 | _uhttp://proxy.lib.luth.se/login?url=http://dx.doi.org/10.1007/b139040 | ||
| 856 | _uhttp://www.lub.lu.se/cgi-bin/ipchk/http://dx.doi.org/10.1007/b139040 | ||
| 856 | _uhttp://link.libris.kb.se/sfxumub?url_ver=Z39.88-2004&ctx_ver=Z39.88-2004&ctx_enc=info:ofi/enc:UTF-8&rfr_id=info:sid/sfxit.com:opac_856&url_ctx_fmt=info:ofi/fmt:kev:mtx:ctx&sfx.ignore_date_threshold=1&rft.object_id=1000000000227497&svc_val_fmt=info:ofi/fmt:kev:mtx:sch_svc& | ||
| 856 | _uhttp://ezproxy.its.uu.se/login?url=http://dx.doi.org/10.1007/b139040 | ||
| 942 |
_cBK _k629.8 KOM _2ddc |
||
| 999 |
_c8625 _d8625 |
||